header

Strong advocate (Record no. 101425)

MARC details
000 -LEADER
fixed length control field 01185nam a2200301Ia 4500
100 1# - MAIN ENTRY--AUTHOR NAME
Personal name Strong, Thomas,
245 10 - TITLE STATEMENT
Title Strong advocate
260 ## - PUBLICATION, DISTRIBUTION, ETC. (IMPRINT)
Place of publication Columbia, Mo. ;
-- London :
Name of publisher University of Missouri Press,
Year of publication c2012.
300 ## - PHYSICAL DESCRIPTION
Number of Pages xi, 283 p. :
Other physical details ill., ports. ;
650 #0 - SUBJECT ADDED ENTRY--TOPICAL TERM
Topical Term Lawyers
Topical Term Personal injury lawyers
856 40 - ELECTRONIC LOCATION AND ACCESS
Uniform Resource Identifier http://site.ebrary.com/lib/rucke/Doc?id=10615171

No items available.

© 2026 Rongo University
Contact us: librarian | system librarian | Rongo university